| 000 | 01097nam0a22002771 4500 | ||
|---|---|---|---|
| 001 | v19\rc\1704526 | ||
| 005 | 20250619031819.0 | ||
| 035 | _a(NLR Aleph) 004805708 | ||
| 090 |
_a4875465 _c4875465 |
||
| 100 | _a20061002d1898 |||y0rusy50 ca | ||
| 101 | 0 | _arus | |
| 102 | _aRU | ||
| 105 | _ay z ||||| | ||
| 200 | 1 |
_aУстав Товарищества мануфактур Викула Морозова с сыновьями в местечке Никольском _e[Утв. 17 дек. 1882 г.] |
|
| 210 |
_aМосква _d1898 |
||
| 215 |
_a27 с. _d22 |
||
| 702 | 1 |
_4570 _7ca _8rus _aМорозов _bВ. Е. _cпредприниматель _f1829-1894 _gВикула Елисеевич _9199359 _3RU\NLR\AUTH\770199410 |
|
| 710 | 0 | 2 |
_aТоварищество мануфактур "Викула Морозова с сыновьями" _cм. Никольское, Владим. губ. |
| 801 | 0 |
_aRU _bNLR _gpsbo |
|
| 801 | 0 |
_aRU _bRuMoRGB _2psbo |
|
| 801 | 1 |
_aRU _bProSoft-M _2rusmarc |
|
| 852 |
_aNLR _j18.269.3.423 |
||
| 899 |
_aRuMoRGB _jS 36/748 |
||
| 899 | _aБАН | ||
| 942 | _cBOOK | ||
| 980 | _aNB | ||